Statistiques concernant Jeux de Mots - Géographie

Cliquez ici pour prendre le quiz!

Statistiques générales

  • Ce quiz a été pris 507 fois
  • Le résultat moyen est 7 sur 24

Statistiques - réponses

IndiceRéponse% Correct
Pays en guerre civile depuis la chute de KadhafiSi on t'accuse de meurtre, visite la {Libye}
68%
Pays en proie à des insurrections dites «naxalistes»Si t'aimes bien les films X il y a les cochons d'{Inde}
59%
Formait, avec l'Egypte, la République Arabe UnieSi t'aimes bien l'odeur du bois, visite la {Syrie}
55%
Ville française, réputée pour ses pruneauxPour les ivrognes y'a {Agen}
52%
Alexandre le Grand en était le roi le plus illustreSi on te raconte trop de salades, ne va pas en {Macédoine}
52%
Pays de la Dictature des Colonels, de 1967 à 1974Si tu veux faire un régime, évite plutôt la {Grèce}
49%
Peuple de l'Île de Beauté devenu français en 1770Si tu aimes toucher du bois, il y a bien sûr les {Corses}
47%
Région d'Océanie signifiant «petites îles» en grecSi t'aimes bien l'informatique il y a la {Micronésie}
42%
Plus grande île du pays ci-dessus, depuis 1913Si tu veux voir des vrais punks, envole-toi pour la {Crète}
39%
Département auquel on attribue le nombre 34Pour les camés y'a l'{Hérault}
34%
Pays européen frontalier de la France.. en AmériqueSi t'as partout le vertige, y'a bien sûr les {Pays-Bas}
31%
Capitale du dernier émirat d'Ibérie jusqu'en 1492Si t'es sur le point d'exploser, évite plutôt {Grenade}
31%
Département célèbre pour son Festival de la BDPour les riches, y'a la {Charente}
22%
Abrite le fleuve Ogooué et la ville de Port-GentilSi t'aimes pas les gens méchants, visite le {Gabon}
20%
Sa capitale fut le berceau de la civilisation puniqueEt si tu veux de l'argent facile y'a bien sûr la {Tunisie}
19%
Elle était appelée Île Bourbon jusqu'en 1848Pour les cadres, La {Réunion}
19%
Département champenois connu pour ses FoiresPour les fêtards, il y a l'{Aube}
19%
Pays du Levant à la politique confessionnalisteSi t'aimes bien dormir dehors, visite le {Liban}
19%
Alternativement désignée par Calédonie ou AlbaSi t'aimes bien les petits pois, il y a toujours l'{Écosse}
18%
Duché correspondant au Maine-et-Loire actuelPour mettre le feu y'a l'{Anjou}
13%
Vaste archipel de la Mer des CaraïbesPour les méchants, les {Antilles}
9%
Gentilé du pays à la densité la plus faible d'AfriqueEt pour visiter l'Afrique, pars avec un {Namibien}
8%
Une des sous-préfectures des Côtes-d'ArmorPour pas dire oui y'a {Dinan}
6%
Son ancien drapeau représentait une décapitationSi tu trouves que tout est grave, envole-toi au {Bénin}
4%

Distribution des résultats

Percentile par nombre de réponses

% des personnes avec chaque résultat

Votre développement - résultats

Vous n’avez pas pris ce quiz